Country to Capital - Multiple Choice #1 - Statistics

General Stats
  • This quiz has been taken 253 times
  • The average score is 14 of 15
Answer Stats
Question Answer % Correct
Capital of Belgium Brussels
100%
Capital of Cuba Havana
100%
Capital of Malaysia Kuala Lumpur
100%
Capital of South Africa Pretoria
100%
Capital of Italy Rome
100%
Capital of Poland Warsaw
100%
Capital of United States Washington D.C.
100%
Capital of Pakistan Islamabad
93%
Capital of Turkey Ankara
87%
Capital of Serbia Belgrade
87%
Capital of Saudi Arabia Riyadh
87%
Capital of Uruguay Montevideo
80%
Capital of Papua New Guinea Port Moresby
80%
Capital of Senegal Dakar
73%
Capital of Sudan Khartoum
67%
No matching quizzes found
Score Distribution
Percent of People with Each Score
Percentile by Number Answered
Your Score History
You have not taken this quiz